Key to a New Russian Grammar /

Furkejuvvon:
Bibliográfalaš dieđut
Váldodahkki: Semeonoff, Anna H. (autor)
Materiálatiipa: Girji
Giella:ruoššagiella
Fáttát:
Fáddágilkorat: Lasit fáddágilkoriid
Eai fáddágilkorat, Lasit vuosttaš fáddágilkora!

MARC

LEADER 00000nam^a2200000^a^4500
001 000181845
005 20250521000000.0
009 20260310101946.802
037 |a Acervo ITESO - Biblioteca 
041 |a RUS 
082 |a 491. 75  |b SEM 
100 |a Semeonoff, Anna H.  |e (autor) 
245 1 0 |a Key to a New Russian Grammar /  |c A.H. Semeonoff. 
264 |a Nueva York, EUA :  |b Dutton,  |c 1983 
300 |a 63 p. 
336 |a texto  |b txt  |2 rdacontenido 
337 |a sin mediación  |b n  |2 rdamedio 
338 |a volumen  |b nc  |2 rdasoporte 
546 |a Edición bilingüe inglés-ruso 
649 |a XX 
650 |a Ruso -  |x Estudio y Enseñanza 
650 |a Gramática 
650 |a Lenguas Eslavas (Región Oriental) -  |x Estudio y Enseñanza 
650 |a Lenguas Baltoeslavas -  |x Estudio y Enseñanza 
650 |a Lenguas Indo-Europeas -  |x Estudio y Enseñanza 
650 |a Lenguaje y Lenguas 
650 |a Lingüística 
910 |a Fondo General 
920 |a Impresos - Libros 
930 |a Colección General 
905 |a 101 
901 |a 0500121549  |b IT1  |c ACC  |u 20250521 
902 |a https://opac.biblio.iteso.mx/vufind/Record/000181845